000 00788nam a2200193 a 4500
003 0
005 20250312080000.0
008 090709s19uu xx 00 eng d
050 _aPHS QA 11.2
_b.L477 2009
100 _aLee, In Gyu.
245 _aAnxiety in mathematics subject and the academic achievement of selected grade 11 Korean students of Southville International School and Colleges /
_cIn Gyu Lee.
260 _aLas PiƱas City, Philippines :
_bSouthville International School and Colleges,
_c2009.
300 _avarious pagination :
_billustrations ;
_c28 cm.
504 _aIncludes bibliographical references.
650 _aMathematics
_xStudy and teaching (Secondary).
650 _aMathematics
_xPsychological aspects.
650 _aAnxiety in children.
942 _2lcc
_cPASS
999 _c98257
_d98257